000 00455nam a2200181Ia 4500
003 OSt
005 20251103180226.0
008 210423s2008 xx 000 0 und d
040 _cAL
041 _aEnglish
082 _a362.30
_bVHAC
100 _aVoluntary Health Association Of India
_9120386
245 _aCaught in a death trap
260 _aNew Delhi
_bVHAI
_c2008
365 _b200
_cINR
906 _aCaught ; death ; trap.
942 _2ddc
_cBK
999 _c175942
_d175942